00460nam a2200181Ia 4500008004100000020001800041245002400059245003600083245002200119260001500141260001600156260000900172300001500181300002500196300001000221440003900231500000800270170705s9999 xx 000 0 und d a9780545000260 aAmazing dolphins! : bwildlife conservation society / cSarah L. Thomson. aNew York : bScholastic, c2006 a32 pages : bcolor illustration ; c22cm. aI can read! Beginning 2 with help. a670